2019 Pan American Games - Statistics

General Stats
  • This quiz has been taken 10 times
  • The average score is 14 of 31
Answer Stats
Rank16 Answer % Correct
6 Argentina
100%
2 Brazil
100%
4 Canada
100%
5 Cuba
100%
3 Mexico
100%
1 United States
100%
7 Colombia
89%
8 Chile
78%
9 Peru
67%
10 Dominican Republic
56%
11 Ecuador
33%
13 Jamaica
33%
12 Venezuela
33%
26 Antigua and Barbuda
22%
30 Aruba
22%
30 Bahamas
22%
24 Barbados
22%
20 Bolivia
22%
24 British Virgin Islands
22%
22 Costa Rica
22%
15 El Salvador
22%
21 Grenada
22%
16 Guatemala
22%
27 Honduras
22%
29 Nicaragua
22%
28 Panama
22%
19 Paraguay
22%
14 Puerto Rico
22%
17 Trinidad and Tobago
22%
18 Uruguay
22%
23 Saint Lucia
11%
No matching quizzes found
Score Distribution
Percent of People with Each Score
Percentile by Number Answered
Your Score History
You have not taken this quiz